Top 193 Länder nach Einwohner - Statistiken

Allgemein
  • Dieses Quiz wurde 17 mal gespielt
  • Das Durchschnittsergebnis liegt bei 115 aus 193
Antwortstatistiken
Anzahl Einwohner (2022) Länder % Korrekt
1'417'200'000 Indien
100%
1'436'600'000 China
92%
171'200'000 Bangladesch
83%
214'800'000 Brasilien
83%
275'500'000 Indonesien
83%
127'500'000 Mexiko
83%
235'800'000 Pakistan
83%
144'300'000 Russland
83%
66'800'000 Thailand
83%
332'800'000 Vereinigte Staaten
83%
99'400'000 Vietnam
83%
103'500'000 Ägypten
75%
123'400'000 Äthiopien
75%
83'300'000 Deutschland
75%
65'800'000 Frankreich
75%
67'600'000 Grossbritannien
75%
58'900'000 Italien
75%
124'900'000 Japan
75%
30'900'000 Nepal
75%
26'200'000 Niger
75%
218'500'000 Nigeria
75%
115'600'000 Philippinen
75%
36'700'000 Saudi-Arabien
75%
47'400'000 Spanien
75%
60'600'000 Südafrika
75%
46'900'000 Sudan
75%
51'600'000 Südkorea
75%
65'500'000 Tansania
75%
85'200'000 Türkei
75%
41'000'000 Ukraine
75%
41'100'000 Afghanistan
67%
44'900'000 Algerien
67%
35'600'000 Angola
67%
46'200'000 Argentinien
67%
400'000 Bahamas
67%
11'600'000 Belgien
67%
13'400'000 Benin
67%
1'980'000 Chile
67%
99'000'000 Demokratische Republik Kongo
67%
11'200'000 Dominikanische Republik
67%
28'200'000 Elfenbeinküste
67%
1'300'000 Estland
67%
10'600'000 Griechenland
67%
11'600'000 Haiti
67%
9'600'000 Honduras
67%
44'500'000 Irak
67%
88'600'000 Iran
67%
9'500'000 Israel
67%
33'700'000 Jemen
67%
11'200'000 Jordanien
67%
16'800'000 Kambodscha
67%
38'800'000 Kanada
67%
54'000'000 Kenia
67%
49'100'000 Kolumbien
67%
11'100'000 Kuba
67%
40'000 Liechtenstein
67%
700'000 Luxemburg
67%
32'700'000 Malaysia
67%
36'700'000 Marokko
67%
6'700'000 Nicaragua
67%
17'700'000 Niederlande
67%
26'100'000 Nordkorea
67%
9'300'000 Papua-Neuguinea
67%
38'000'000 Polen
67%
6'000'000 Republik Kongo
67%
13'800'000 Ruanda
67%
19'000'000 Rumänien
67%
10'500'000 Schweden
67%
16'300'000 Simbabwe
67%
22'100'000 Syrien
67%
8'800'000 Togo
67%
10'500'000 Tschechien
67%
11'800'000 Tunesien
67%
10'000 Tuvalu
67%
47'200'000 Uganda
67%
28'300'000 Venezuela
67%
9'400'000 Vereinigte Arabische Emirate
67%
1'300'000 Zypern
67%
100'000 Antigua und Barbuda
58%
25'800'000 Australien
58%
9'200'000 Belarus
58%
400'000 Belize
58%
800'000 Bhutan
58%
22'700'000 Burkina Faso
58%
12'900'000 Burundi
58%
1'100'000 Dschibuti
58%
6'300'000 El Salvador
58%
3'700'000 Eritrea
58%
900'000 Fidschi
58%
5'600'000 Finnland
58%
33'500'000 Ghana
58%
17'800'000 Guatemala
58%
13'900'000 Guinea
58%
5'100'000 Irland
58%
27'900'000 Kamerun
58%
19'200'000 Kasachstan
58%
800'000 Komoren
58%
3'800'000 Kroatien
58%
7'500'000 Laos
58%
1'900'000 Lettland
58%
5'500'000 Libanon
58%
2'800'000 Litauen
58%
29'600'000 Madagaskar
58%
20'400000 Malawi
58%
22'600'000 Mali
58%
50'000 Marshallinseln
58%
4'700'000 Mauretanien
58%
100'000 Mikronesien
58%
600'000 Montenegro
58%
33'000'000 Mosambik
58%
54'200'000 Myanmar
58%
10'000 Nauru
58%
5'400'000 Norwegen
58%
6'800'000 Paraguay
58%
33'400'000 Peru
58%
700'000 Salomonen
58%
20'000'000 Sambia
58%
200'000 Samoa
58%
8'800'000 Schweiz
58%
6800'000 Serbien
58%
17'600'000 Somalia
58%
22'400'000 Sri Lanka
58%
23'200'000 Taiwan
58%
9'700'000 Ungarn
58%
35'600'000 Usbekistan
58%
100'000 Andorra
50%
1'700'000 Äquatorialguinea
50%
10'200'000 Aserbaidschan
50%
3'400'000 Bosnien und Herzegowina
50%
2'600'000 Botswana
50%
400'000 Brunei
50%
6'800'000 Bulgarien
50%
5'200'000 Costa Rica
50%
5'873'420 Dänemark
50%
18'000'000 Ecuador
50%
1'200'000 Eswatini
50%
2'400'000 Gabun
50%
2'700'000 Gambia
50%
3'700'000 Georgien
50%
2'100'000 Guinea-Bissau
50%
800'000 Guyana
50%
400'000 Island
50%
2'800'000 Jamaika
50%
600'000 Kap Verde
50%
2'700'000 Katar
50%
6'800'000 Kirgistan
50%
2'300'000 Lesotho
50%
5'300'000 Liberia
50%
6'800'000 Libyen
50%
600'000 Malediven
50%
3'500'000 Moldau
50%
40'000 Monaco
50%
1'800'000 Nordmazedonien
50%
4'600'000 Oman
50%
9'000'000 Österreich
50%
1'300'000 Osttimor
50%
20'000 Palau
50%
10'300'000 Portugal
50%
200'000 São Tomé und Príncipe
50%
17'900'000 Senegal
50%
100'000 Seychellen
50%
8'700'000 Sierra Leone
50%
5'500'000 Singapur
50%
5'400'000 Slowakei
50%
2'100'000 Slowenien
50%
50'000 St. Kitts und Nevis
50%
200'000 St. Lucia
50%
100'000 St. Vincent und die Grenadinen
50%
10'900'000 Südsudan
50%
600'000 Suriname
50%
10'000'000 Tadschikistan
50%
100'000 Tonga
50%
17'700'000 Tschad
50%
6'400'000 Turkmenistan
50%
3'600'000 Uruguay
50%
2'800'000 Albanien
42%
3'000'000 Armenien
42%
1'500'000 Bahrain
42%
300'000 Barbados
42%
12'200'000 Bolivien
42%
70'000 Dominica
42%
100'000 Kiribati
42%
4'100'000 Kuwait
42%
500'000 Malta
42%
1'300'000 Mauritius
42%
3'400'000 Mongolei
42%
5'100'000 Neuseeland
42%
4'400'000 Panama
42%
1'400'000 Trinidad und Tobago
42%
300'000 Vanuatu
42%
100'000 Grenada
33%
2'600'000 Namibia
25%
5'600'000 Zentral­afrikanische Republik
8%
Keine übereinstimmenden Quizze gefunden
Verteilung der Resultate
Anzahl Personen mit jedem Resultat
Perzentil nach korrekt beantworteten Fragen
Ihre Resultats-Entwicklung
Sie haben dieses Quiz noch nicht gespielt